Dirk Nowitzki Quiz - Statistics

General Stats
  • This quiz has been taken 207 times
  • The average score is 4 of 12
Answer Stats
Question Answer % Correct
What year did he win MVP? 2007
93%
Who was Dirk drafted by? Milwaukee Bucks
59%
As a kid, what particular sport was Dirk good at? Tennis
48%
Before reaching the NBA, what was Dirk's number? 14
44%
With which other talented rookie did Dirk play in his rookie season? Steve Nash
42%
Whose head did he hug after the 2011 finals victory? Jason Terry
39%
During the victory parade after the finals, what song did he sing? We Are the Champions
36%
What is the name of Dirk's personal coach? Holger
18%
What city is Dirk from? Wuzburg
7%
In the past years, how much money has Dirk left on the table for the good of the team? 70 million
3%
What does Dirk and his personal coach call his skillset? toolbox
3%
Who was Dirk traded to the Mavs for? Robert Trailer
1%
No matching quizzes found
Score Distribution
Percent of People with Each Score
Percentile by Number Answered
Your Score History
You have not taken this quiz